[Event "Bundesliga 0304"]
[Site "Germany"]
[Date "2003.12.14"]
[Round "6.6"]
[White "Krasenkow, Michal"]
[Black "Stefansson, Hannes"]
[Result "1-0"]
[WhiteElo "2597"]
[BlackElo "2560"]
[Annotator "Ftacnik,L"]
[PlyCount "71"]
[EventDate "2003.11.01"]
[EventType "team-tourn"]
[EventRounds "15"]
[EventCountry "GER"]
[SourceTitle "CBM 099"]
[Source "ChessBase"]
[SourceDate "2004.03.30"]
[SourceVersion "1"]
[SourceVersionDate "2004.03.30"]
[SourceQuality "1"]
[WhiteTeam "Baden Oos"]
[BlackTeam "Bremer SG"]
[WhiteTeamCountry "GER"]
[BlackTeamCountry "GER"]

1. Nf3 Nf6 2. c4 e6 3. d4 b6 4. a3 Bb7 5. Nc3 d5 6. cxd5 Nxd5 7. Qc2 Nxc3 8.
bxc3 Be7 9. e4 O-O 10. Bd3 c5 11. O-O Qc8 12. Qe2 Ba6 13. Rd1 Bxd3 14. Rxd3 Nd7
15. e5 cxd4 16. cxd4 Qc4 17. Bg5 Bd8 18. Rad1 {White is well prepared for the
potential attack on the kingside, black is saved by control on the d5 square.}
Qd5 19. h4 Re8 (19... f6 20. exf6 Bxf6 21. Re3 h6 22. Bf4 Rae8 23. Bg3 Rf7 24.
a4 Rfe7 {1/2-1/2 Radjabov,T-Leko,P/Dortmund 2003/ (28)}) 20. h5 f6 (20... h6
21. Bf4 Be7 22. Nd2 Rac8 23. Rg3 $36) 21. Bf4 (21. exf6 Bxf6 22. Bxf6 gxf6 23.
Ne5 Re7 (23... fxe5 24. dxe5 Qxe5 25. Qg4+ Qg7 26. Rg3 Qxg4 27. Rxg4+ Kh8 28.
Rxd7 $16) 24. Nxd7 Rxd7 25. Re1 $14) 21... b5 22. h6 g6 (22... g5 $6 23. Bc1 (
23. Bg3 f5 $13) 23... Kh8 24. exf6 Bxf6 25. Ne5 $16) 23. exf6 Bxf6 (23... Nxf6
24. Qe5 Rc8 25. Bg5 $14) 24. Ne5 {[%mdl 4] Krasenkow can claim some success,
but black defense is very hard to break.} Rad8 (24... Rac8 25. Ng4 Rf8 $11) 25.
Ng4 Rc8 (25... Rf8 26. Be5 Be7 27. Rc3 $14) 26. Be5 Be7 (26... Rf8 27. Nxf6+
Nxf6 28. Re1 $14) 27. Bg7 Bf8 $2 {Stefansson doesn't like the intruder on g7,
but after exchange of bishops his vulnerability on dark squares will
dramatically increase.} (27... a6 28. Re1 Bg5 29. Ne5 Bc1 $13) 28. Bxf8 Kxf8 (
28... Rxf8 29. Re3 Rc6 30. Ne5 $14) 29. Re3 Re7 (29... Kg8 30. Ne5 $14) 30. Qd2
$1 {A fine manoeuvre increasing the might of white queen, from b4, a5 squares
she is able to do enemy a real demage.} Qd6 (30... Kg8 31. Qb4 Rf7 32. Ne5 $14)
31. Qb2 Qd5 (31... Rc5 32. dxc5 Qxd1+ 33. Kh2 Kg8 34. Rf3 a6 35. Qc3 $18) 32.
Qb4 Rce8 (32... Rc4 33. Qa5 Ra4 34. Qc7 $16) (32... a6 33. Rf3+ Ke8 34. Ne3 Qg5
35. Qd6 $16) 33. Rf3+ Kg8 34. Rc1 $1 Qg5 (34... a6 35. Qxe7 Rxe7 36. Rc8+ $18)
35. Rc7 a5 (35... e5 36. Rxd7 Rxd7 37. Nf6+ $18) 36. Qd6 1-0

[Event "EU-Cup 21st"]
[Site "Saint Vincent"]
[Date "2005.09.22"]
[Round "5.4"]
[White "Sakaev, Konstantin"]
[Black "Lautier, Joel"]
[Result "0-1"]
[WhiteElo "2669"]
[BlackElo "2672"]
[Annotator "Ftacnik,L"]
[PlyCount "84"]
[EventDate "2005.09.18"]
[EventType "team-swiss"]
[EventRounds "7"]
[EventCountry "ITA"]
[SourceTitle "CBM 110"]
[Source "ChessBase"]
[SourceDate "2006.01.31"]
[SourceVersion "1"]
[SourceVersionDate "2006.01.31"]
[SourceQuality "1"]
[WhiteTeam "Cheliabinsk"]
[BlackTeam "Paris NAO"]
[WhiteTeamCountry "RUS"]
[BlackTeamCountry "FRA"]

1. d4 Nf6 2. c4 e6 3. Nf3 b6 4. Nc3 Bb7 5. Bg5 h6 6. Bh4 g5 7. Bg3 Nh5 8. e3
Nxg3 9. hxg3 Bg7 10. Qc2 Nc6 11. O-O-O Qe7 12. g4 O-O-O (12... Nb4 13. Qd2 c5
14. d5 exd5 15. a3 dxc4 16. axb4 cxb4 17. Nb5 d5 18. Nbd4 Bf6 19. e4 c3 20.
bxc3 dxe4 21. Nf5 {1-0 Ponomariov,R-Kramnik,V/Sofia 2005/ (45)}) 13. a3 Kb8 14.
Kb1 {White has the space advantage, but black's two bishops are a great factor
in medium term.} (14. Be2 h5 15. gxh5 g4 16. Nd2 f5 17. f3 Qg5 18. f4 Qf6 19.
Nf1 Ne7 20. Bd3 d5 21. Ng3 c5 22. dxc5 d4 23. Na4 dxe3 24. cxb6 axb6 25. Qb3 e5
26. Ne2 exf4 27. Nxf4 {1-0 Zilberman,Y-Farago,I/Cappelle la Grande 2004/ (34)})
14... d6 15. Bd3 Na5 16. b4 Nc6 17. Be4 d5 (17... h5 18. gxh5 f5 19. Bxc6 Bxc6
20. d5 Be8 21. h6 Bxc3 22. Qxc3 e5 23. Rc1 $16) 18. cxd5 exd5 19. Bf5 (19. Bxd5
Nxb4 20. axb4 Bxd5 21. Nxd5 Rxd5 22. Qc4 $14) 19... a5 $5 {Lautier would like
to complicate matters on the queenside, his pieces need space.} (19... a6 20.
Qa4 $16) 20. bxa5 (20. b5 Na7 21. Ka2 Nc8 22. Qb3 Nd6 $14) 20... Nxa5 21. a4
Rd6 (21... c6 22. Nd2 Ba6 $11) 22. Qb2 Rc6 23. Nd2 {White is very cautious in
his approach and the second player will slowly improve his pieces.} (23. Nxd5
$5 Qd6 24. Nb4 Rc4 25. Nc2 Rxa4 26. Ne5 $14) 23... Nc4 24. Qb3 Rd8 25. Bd3 Na5
26. Qb2 Bc8 27. Bf5 (27. Rc1 Bxg4 28. Nb3 Qb4 $15) 27... Ba6 28. Na2 Rcd6 29.
Nb4 Bb7 30. Nd3 (30. Rc1 c5 31. Nd3 Qe8 32. Ne5 $13) 30... Qe8 31. Ne5 (31. Qb4
Nc6 32. Qb3 Na5 $11) 31... c5 (31... Bxe5 32. dxe5 Rc6 33. Bd3 Rc5 34. Qa1 Bc8
$15) 32. Bc2 {The situation is still managable for white, but Lautier's
progress is undeniable.} (32. Rc1 cxd4 (32... Ka7 33. Bc2 Ba6 34. Bf5 $13) 33.
exd4 Qxa4 34. Bc2 Qe8 35. Rce1 $11) 32... Ka7 33. Rhe1 Re6 (33... Bxe5 34. dxe5
Re6 35. f4 gxf4 36. exf4 f6 $17) 34. Bf5 Re7 (34... Rxe5 35. dxe5 Bxe5 36. Qa3
Bc6 37. Bc2 Qe6 $15) 35. Qb5 $2 {Probably a time trouble mistake that loses
control of the situation. With simple exchange sacrifice black wins lots of
time and full access to the white king.} (35. dxc5 bxc5 36. Qc3 Kb6 37. Rc1 Rc7
38. Nd7+ Qxd7 39. Qxg7 Qc6 (39... Qxa4 40. Qf6+ Bc6 41. Qxd8 Qb4+ 42. Kc2 Qa4+
$11) 40. Rc2 Bc8 $13) 35... Rxe5 $1 36. dxe5 Qxe5 37. Ka2 (37. Kc2 Qc3+ 38. Kb1
Bc6 39. Rc1 Qa3 $19) 37... Bc6 38. Qb1 (38. Nf3 Qc3 39. Rc1 Bxb5 40. Rxc3 Bxc3
41. axb5 Bxe1 $19) 38... Bxa4 (38... Qc3 39. Bc2 d4 40. Nb3 d3 41. Rxd3 Rxd3
42. Bxd3 Bd5 43. Bc2 Nxb3 44. Bxb3 Qd2+ 45. Ka3 Qb4+ 46. Ka2 Qxa4#) 39. Rc1 Qe8
$1 {It is hardly possible to get more compensation for the exchange, white is
unable do potect his king.} 40. Bc2 (40. Ka3 b5 41. Rxc5 Bf8 $19) 40... Kb7 (
40... Ra8 41. Bf5 Bd1 $19) 41. Nb3 Nxb3 42. Bxb3 Ra8 (42... Ra8 43. Bxd5+ Bc6+
44. Kb3 Bxd5+ 45. Kc2 Be4+ $19) 0-1

[Event "Olympiad-36"]
[Site "Mallorca"]
[Date "2004.10.29"]
[Round "14"]
[White "Akopian, Vladimir Eduardovic"]
[Black "Izoria, Zviad"]
[Result "1-0"]
[WhiteElo "2692"]
[BlackElo "2600"]
[Annotator "Ftacnik,L"]
[PlyCount "65"]
[EventDate "2004.10.15"]
[EventType "team-swiss"]
[EventRounds "14"]
[EventCountry "ESP"]
[SourceTitle "CBM 104"]
[Source "ChessBase"]
[SourceDate "2005.01.27"]
[SourceVersion "1"]
[SourceVersionDate "2005.01.27"]
[SourceQuality "1"]
[WhiteTeam "Armenia"]
[BlackTeam "Georgia"]
[WhiteTeamCountry "ARM"]
[BlackTeamCountry "GEO"]

1. d4 Nf6 2. c4 e6 3. Nf3 b6 4. a3 Ba6 5. Qc2 Bb7 6. Nc3 c5 7. e4 cxd4 8. Nxd4
Nc6 9. Nxc6 Bxc6 10. Be2 Qb8 11. O-O Qe5 12. Bf3 Bc5 {[%mdl 4] Black's plan is
very ambitious, he would like to control the center. Akopian does not have to
worry, as his pieces are good and King is already safe.} (12... g5 13. g3 h5
14. Bd2 Bc5 15. Nd5 O-O-O 16. Bc3 Bd4 17. Bxd4 Qxd4 18. Bg2 g4 19. Rfd1 Qe5 20.
Nxf6 Qxf6 21. c5 Qe5 {0-1 Farago,I-Greenfeld,A/Beersheba 1987/ (33)}) 13. g3 g5
(13... Qc7 14. Bf4 e5 15. Bg5 $14) 14. Rd1 (14. b4 Bd4 15. Bd2 Rc8 $13) 14...
a5 (14... h5 15. b4 Bd4 16. Bb2 g4 17. Rxd4 gxf3 18. Rd3 $16) 15. b3 g4 16. Bb2
{It is a big question if it was better to lure Black queen to h5 or g5. White
is enjoying initiative and Izoria's attack is not getting anywhere.} (16. Bg2
Qh5 17. Bb2 e5 (17... O-O 18. Na4 Bxa4 19. Bxf6 Qg6 20. Be5 Bc6 21. Bd6 $14)
18. Nd5 $14) 16... Qg5 (16... gxf3 $2 17. Nd5 Qb8 18. Nxf6+ Ke7 19. Qd2 $18)
17. Bg2 O-O 18. Qe2 (18. Nb5 Bxb5 19. cxb5 e5 20. b4 axb4 21. axb4 Rxa1 22.
Bxa1 Bxb4 23. Qb2 Bc5 24. Qxe5 $16) 18... e5 (18... d6 19. Na2 $1 e5 20. b4
axb4 21. axb4 Bd4 22. Bxd4 exd4 23. Rxd4 Qe5 24. Rad1 $16) 19. Nd5 (19. Bc1 Qg6
20. Be3 Rfd8 21. Qd3 $14) 19... Bxd5 20. exd5 Rfe8 (20... d6 21. Bc3 $14) 21.
Bc3 Qf5 (21... d6 22. Qb2 b5 23. cxb5 a4 24. Rdc1 $14) 22. Qb2 d6 $6 {Locking
the Bishop on c5 will cost the defender the whole pawn. White is clearly
better.} (22... Bd6 23. Rf1 Qg6 (23... Kg7 24. f3 Qd3 25. fxg4 Nxg4 26. Rf3 $16
) 24. Rae1 $14) 23. b4 Bd4 (23... axb4 24. axb4 Rxa1 25. Rxa1 Bd4 26. Bxd4 exd4
27. Qxd4 $16) 24. Bxd4 exd4 25. Qxd4 Qe5 (25... Nd7 26. Re1 axb4 27. axb4 Rxa1
28. Rxa1 Ne5 29. Qxb6 Nxc4 30. Qc6 $16) 26. Qxb6 $1 {That is the whole problem,
Black is two pawns down and his kingside will remain exposed.} (26. Qxe5 Rxe5
27. f4 Re3 28. Rdb1 a4 $14) 26... Reb8 (26... axb4 27. Qxb4 Reb8 28. Qe1 Qxe1+
29. Rxe1 Ra4 30. Bf1 Rb3 31. Re3 Rxe3 32. fxe3 $16) 27. Qc6 Rc8 (27... axb4 28.
Re1 Qb2 29. Qxd6 bxa3 30. c5 a2 31. Qc6 Rc8 32. Rxa2 Qxa2 33. Qxf6 $18) 28. Qa4
Rxc4 (28... axb4 29. Qxb4 $16) 29. Rac1 Rxc1 30. Rxc1 Qb2 (30... Kg7 31. Qc6
Re8 32. bxa5 $16) 31. Qc6 Re8 (31... Ra7 32. b5 Qxa3 33. b6 Re7 34. Rb1 Qd3 35.
Rf1 $18) 32. bxa5 Re2 33. Qc3 {Without queens there is no real counterplay and
the endgame is unplayable for Black.} (33. Qc3 Rxf2 34. Qxb2 Rxb2 35. a6 Rb8
36. Rc6 Ne8 37. h3 $18) 1-0

[Event "Sanjin Hotel Cup"]
[Site "Taiyuan"]
[Date "2004.07.20"]
[Round "4"]
[White "Xu, Jun"]
[Black "Zhang, Zhong"]
[Result "1-0"]
[WhiteElo "2617"]
[BlackElo "2603"]
[Annotator "Ftacnik,L"]
[PlyCount "53"]
[EventDate "2004.07.17"]
[EventType "tourn"]
[EventRounds "9"]
[EventCountry "CHN"]
[EventCategory "16"]
[SourceTitle "CBM 102"]
[Source "ChessBase"]
[SourceDate "2004.09.23"]
[SourceVersion "1"]
[SourceVersionDate "2004.09.23"]
[SourceQuality "1"]

1. Nf3 Nf6 2. c4 b6 3. Nc3 Bb7 4. d4 e6 5. a3 g6 6. d5 Bg7 7. e4 exd5 8. cxd5
O-O 9. Bd3 c6 10. d6 c5 11. O-O (11. e5 Ng4 12. Be4 Bxe4 13. Nxe4 Nc6 14. Bg5
Qe8 15. O-O Qe6 16. Re1 Ngxe5 17. Nxe5 Bxe5 18. f4 Bd4+ 19. Kh1 f5 20. Nxc5
Qxd6 21. Nb3 Rf7 22. Rc1 Bc5 23. Nxc5 Qxd1 24. Rexd1 bxc5 25. Rxc5 Re8 {
1/2-1/2 Burnett,R-Finegold,B/USA 1987/ (95)}) 11... Nc6 12. h3 (12. Re1 Nd4 13.
Nxd4 cxd4 14. Nb5 Ne8 15. e5 f6 16. Qb3+ Kh8 17. e6 dxe6 18. Qxe6 a6 19. Nxd4
f5 20. Qe7 Nxd6 21. Bf4 Bxd4 22. Bxd6 Re8 23. Qxb7 Qxd6 24. Qf7 Bxf2+ 25. Kxf2
Qd4+ {0-1 Von Buhrmeister,P-Novkovic,M/Germany 1995/ (42)}) 12... Nd4 (12...
Ne8 $1 13. Bg5 f6 14. Bf4 Ne5 15. Bxe5 fxe5 $11) 13. Re1 a6 {The first new
move, black is preventing jump Nb5. The big question in this position is
clearly about strength of the d6 pawn-strong or weak?} (13... Nh5 14. Bc4 Qf6
15. Nxd4 Qxd4 16. Bd5 Qxd1 17. Rxd1 Bxd5 18. Nxd5 f5 19. exf5 gxf5 20. g4 fxg4
21. hxg4 Nf6 22. Ne7+ Kh8 23. f3 Ne8 {1/2-1/2 Hecht,H-Stanec,N/Schwarzach 1998/
(35)}) (13... Ne8 14. Nxd4 Bxd4 15. Bf4 Qf6 16. Qg4 $14) 14. Bg5 (14. Nxd4 cxd4
15. Na4 $5 Re8 16. Bg5 h6 17. Bxf6 Bxf6 18. Qb3 Bc6 19. f4 Bh4 20. Re2 $16)
14... h6 15. Bh4 Nxf3+ (15... Qb8 16. Nxd4 cxd4 17. e5 dxc3 18. exf6 Bh8 19.
Qg4 $18) 16. Qxf3 Re8 (16... b5 17. b3 Re8 $11) 17. Qd1 (17. Bc4 g5 18. Bg3 b5
19. Bd3 c4 20. Bc2 Qb6 21. Rab1 $14) 17... Qc8 (17... Qb8 18. e5 Nh5 19. Be7
Nf4 20. Bf1 g5 21. Qg4 Ng6 22. Qxd7 Nxe5 23. Qf5 $14) 18. e5 Nh5 (18... Nd5 19.
Nxd5 Bxd5 20. Bxg6 Qc6 21. Bc2 Bxg2 22. Qd3 $18) (18... Qc6 $5 19. f3 Nd5 20.
Be4 Rxe5 21. Nxd5 Rxd5 22. Qxd5 Qxd5 23. Bxd5 Bxd5 24. Rad1 Be6 25. Rd2 $14)
19. Be7 Bf8 $2 {[%mdl 256] Zhan Zhong is getting rid of the trrible enemy on
e7, but will be left with poor knight on h5. Much stronger was 19...Nf4! with
counterplay.} (19... Nf4 $1 20. Bf1 g5 21. h4 Qc6 22. hxg5 (22. Qg4 Ng6 23.
hxg5 h5 24. Qxh5 Nxe7 25. dxe7 Rxe7 26. g6 Qxg6 27. Qxg6 fxg6 28. Bc4+ Kf8 29.
f4 d6 $11) 22... Nxg2 23. Re4 Nf4 24. Qg4 Bxe5 25. Rae1 $14) 20. Bxf8 Kxf8 (
20... Rxf8 21. Qg4 Re8 22. Rac1 $16) 21. Qd2 g5 (21... Kg7 22. g4 f5 23. gxh5
Qc6 24. f3 Qxf3 25. Kh2 $18) 22. g3 c4 (22... Ng7 23. Bc4 $16) 23. Be4 $1 {
Black is not able to get the e5 pawn without tragic consequences. The fight
was decided to white's favour.} Bxe4 (23... Rxe5 24. Qd4 f6 25. Bxb7 Qxb7 (
25... Rxe1+ 26. Rxe1 Qxb7 27. Nd5 $18) 26. Rxe5 fxe5 27. Qxe5 Ng7 28. Nd5 $18)
24. Nxe4 Qc6 (24... Rxe5 25. Qc3 Qe8 26. Nxg5 f6 27. Nh7+ Kg7 28. Nxf6 $18) 25.
Qd1 Ng7 (25... Rxe5 26. Qxh5 Rxe4 27. Qxh6+ Kg8 28. Qxg5+ Kf8 29. Qf6 Kg8 30.
Rxe4 Qxe4 31. Rd1 $18) 26. Nf6 Re6 27. Qc2 (27. Qc2 Ne8 28. Qh7 Nxd6 (28...
Nxf6 29. exf6 $18) 29. Rad1 $18) 1-0

[Event "Munich SKA"]
[Site "Munich"]
[Date "1991.05.05"]
[Round "2"]
[White "Gelfand, Boris"]
[Black "Christiansen, Larry Mark"]
[Result "0-1"]
[WhiteElo "2700"]
[BlackElo "2590"]
[Annotator "Ftacnik,L"]
[PlyCount "100"]
[EventDate "1991.05.04"]
[EventType "tourn"]
[EventRounds "13"]
[EventCountry "GER"]
[EventCategory "14"]
[SourceTitle "CBM 023"]
[Source "ChessBase"]
[SourceDate "1991.08.01"]
[SourceVersion "1"]
[SourceVersionDate "1991.08.01"]
[SourceQuality "1"]

1. d4 {Anand} Nf6 2. c4 e6 3. Nf3 b6 4. a3 Bb7 5. Nc3 g6 6. d5 (6. Bg5 Bg7 7.
Qc2 h6 8. Bh4 d6 9. Rd1 O-O 10. d5 Qe7 11. e3 c6 12. dxe6 Qxe6 13. Be2 Nbd7 14.
O-O Ne5 $14 {Gelfand,B-Chandler,M/Moscow GMA/1990/} (14... Ne5 {Anand} 15. Nxe5
dxe5 16. c5 $1 $16 {Gelfand-Chandler Moscow (GMA)1990})) 6... Bg7 7. Bg5 (7. g3
Na6 8. Bg2 Nc5 9. O-O (9. Nd4 a5 10. Nb3 O-O 11. O-O Rb8 12. Nxc5 bxc5 13. Qa4
d6 14. Qxa5 Nd7 15. Qa4 Nb6 $44 {Browne,W-Christiansen,L/New York op/1987/})
9... O-O 10. Nd4 a5 11. Ndb5 Ne8 12. Be3 c6 13. dxc6 dxc6 14. Qxd8 Rxd8 15.
Bxc5 bxc5 16. Rad1 $14 {Piket,Je-Gelfand,B/Adelaide WchJ/1988/}) 7... h6 8. Bh4
O-O 9. e3 a5 10. Bd3 Na6 11. Bc2 Nc5 12. O-O a4 $5 13. e4 d6 14. Nd4 (14. dxe6
{Anand} Nxe6 15. Nd5 $13) 14... Qd7 15. f4 exd5 16. exd5 (16. cxd5 {Anand} Rfe8
17. Re1 $14) 16... Rfe8 17. f5 g5 18. Bg3 Ba6 19. Ndb5 Nce4 20. Nxe4 (20. Bxa4
$1 $16) 20... Nxe4 21. Bxe4 Rxe4 22. f6 Bxb5 23. cxb5 Bh8 24. Rc1 (24. Qh5 $5
Kh7 25. Rae1 Rxe1 26. Bxe1 Rg8 $13) 24... Rae8 25. Qh5 (25. Qd3 $5) (25. Rc6 {
Anand} Re2 $13) 25... Qxb5 26. Rf5 $2 (26. Qxh6 Qxd5 27. Rcd1 Rd4) (26. Rxc7
Qxd5 $132) 26... Qe2 27. Qxe2 (27. Rxg5+ hxg5 28. Qxg5+ Kh7 29. Qf5+ Kh6 30.
Bf4+ Rxf4 31. Qxf4+ Kg6 32. Qg3+ Kh5 $1 (32... Kxf6 33. Rf1+ Ke7 34. Re1) 33.
Qh3+ Kg5 34. Qg3+ Qg4 35. h4+ Kh5 $19) (27. Qxh6 $2 Qe3+ $1) 27... Rxe2 28. h4
(28. Rxc7 Rxb2 29. Re7 Rc8 30. Bxd6 Rcc2 $17) 28... gxh4 29. Bxh4 R8e4 30. Bf2
Kh7 $1 31. Rxc7 Kg6 32. Rf3 Bxf6 33. Rg3+ Bg5 34. Rc6 Rxb2 35. Rxd6+ Kf5 36.
Rxb6 (36. Rf3+ {Anand} Rf4 $17) 36... Rxb6 37. Bxb6 Re1+ 38. Kf2 Bh4 $1 39.
Kxe1 Bxg3+ 40. Kd2 Bd6 $1 41. Kc3 Bxa3 42. Bc7 h5 43. Bg3 Bc5 44. Kc4 a3 45.
Kb3 Kf6 46. Bf4 Ke7 47. Be5 f6 48. Bf4 Bd6 49. Bc1 f5 50. Bg5+ Kf7 {Ftacnik,L}
0-1

[Event "Bundesliga 0405"]
[Site "Germany"]
[Date "2004.11.27"]
[Round "3.2"]
[White "Krasenkow, Michal"]
[Black "Hracek, Zbynek"]
[Result "1-0"]
[WhiteElo "2676"]
[BlackElo "2595"]
[Annotator "Ftacnik,L"]
[PlyCount "93"]
[EventDate "2004.11.12"]
[EventType "team-tourn"]
[EventRounds "15"]
[EventCountry "GER"]
[SourceTitle "CBM 105"]
[Source "ChessBase"]
[SourceDate "2005.04.11"]
[SourceVersion "1"]
[SourceVersionDate "2005.04.11"]
[SourceQuality "1"]
[WhiteTeam "Baden Oos"]
[BlackTeam "Werder Bremen"]
[WhiteTeamCountry "GER"]
[BlackTeamCountry "GER"]

1. d4 Nf6 2. c4 e6 3. Nf3 b6 4. Nc3 Bb7 5. a3 d5 6. cxd5 Nxd5 7. Qc2 Nxc3 8.
bxc3 Nd7 9. e4 c5 10. Bf4 cxd4 11. cxd4 Rc8 12. Qb3 Be7 13. Bd3 Nf6 14. Qb5+
Bc6 15. Qb1 O-O 16. O-O Qd7 (16... Nh5 17. Be3 (17. Bd2 Ba4 18. Re1 Rc7 19. Qb2
Qc8 20. Rac1 Nf6 21. Bb4 Rxc1 22. Rxc1 Qb7 23. Bxe7 Qxe7 24. Qb4 Qxb4 25. axb4
{Banikas,H-Parligras,M/Korinthos 2004/ 1/2-1/2 (35)}) 17... Ba4 (17... Bd7 18.
Ra2 Rc3 19. d5 Rb3 20. Rb2 Rxb2 21. Qxb2 exd5 22. e5 g6 23. Nd4 Ng7 24. f4 Qc7
25. Kh1 Bc5 26. g4 Ne6 27. Qf2 Qc8 {Gurevich,D-Tiviakov,S/Las Vegas 1999/ 0-1 
(40)}) 18. Qb2 Nf6 19. Qe2 Bc6 20. Bd2 Bb7 21. a4 a5 22. Rfb1 Bc6 23. Rb2 Nd7
24. Ba6 Ra8 25. Bb5 Bxb5 26. Rxb5 {Farago,I-Berezjuk,S/Wattens 1999/ 1-0 (51)})
17. Re1 Ba4 (17... Qb7 18. Bg3 Nh5 19. d5 exd5 20. exd5 Bxd5 21. Bxh7+ Kh8 22.
Be4 $11) 18. d5 $5 {Krasenkow begins with the risky activity in the center
since he believes white pieces can hardly be better prepared for the squirmish.
} exd5 19. exd5 Rc3 $2 {Hracek could not have decided to change the location
of the rook dramatically enough. The best move 19...Rce8! would have posed the
real test for the white's concept.} (19... Nxd5 $2 20. Bxh7+ Kh8 21. Bf5 $16) (
19... Rce8 $1 20. Ng5 h6 (20... Qxd5 21. Bxh7+ Kh8 22. Be4 (22. Bd3 Bc5 $15)
22... Nxe4 23. Qxe4 Qxe4 24. Nxe4 Bc2 25. Nd6 $11) 21. Nh7 (21. Bf5 Qxd5 22.
Ne6 Bc5 23. Re5 Qc4 24. Bd3 Qc3 25. Rxc5 bxc5 26. Nxf8 Rd8 $17) 21... Nxh7 22.
Bxh7+ Kh8 23. Be4 f5 $1 24. Bf3 Bf6 25. Rc1 (25. Rxe8 Rxe8 26. Ra2 Bb3 27. Rd2
Bc3 $17) 25... Bxa1 26. Qxa1 Rc8 27. Bxh6 Rxc1+ 28. Bxc1 Bc2 $15) 20. Bf5 $1
Qd8 21. Be5 Rb3 (21... Rc5 22. Qb4 Bd7 (22... Bb5 23. Rad1 $1 Bd6 (23... Nxd5
24. Qb1 g6 (24... Bf6 25. Bxh7+ Kh8 26. Be4 $16) 25. Bd4 $16) 24. Qh4 $14) 23.
d6 Bxf5 24. dxe7 Qxe7 25. Qf4 Qd7 26. Bd6 Nh5 27. Qd4 $16) (21... Rxf3 22. gxf3
Qxd5 23. Bb2 Re8 24. Qd3 $14) 22. Qc1 Nxd5 (22... Qxd5 23. Nd4 $16) 23. Bc2 $1
{[%mdl 32] White is doing wonders to test black's coordination of pieces.} (23.
Nd4 Rc3 24. Qb1 Bf6 25. Bxh7+ Kh8 26. Bf5 $11) 23... Rxf3 24. gxf3 (24. Bxa4
Rf5 25. Bc2 Rg5 $11) 24... Bxc2 $6 {Hracek misses a good chance to equalize
the chances with the help of the intermediate move 24...Bg5!} (24... Bg5 $1 25.
Qb2 Bxc2 26. Qxc2 Bf4 27. Bxf4 Nxf4 28. Qf5 Ne6 $11) 25. Qxc2 Bc5 26. Rad1 Qg5+
27. Bg3 (27. Kh1 Nf4 28. Bxf4 Qxf4 29. Qe4 Qh6 $11) 27... Nf4 (27... Ne7 28.
Rd7 Nc6 (28... a5 29. a4) 29. Qe4 Qf6 30. Red1 $14) 28. a4 (28. Qd2 Ne6 29.
Qxg5 Nxg5 30. Kg2 Bxa3 31. Rd5 h6 32. Ra1 Bc5 33. Rxa7 Ne6 $11) 28... Ne6 (
28... Nh3+ 29. Kg2 Nf4+ 30. Kh1 $14) 29. Qe4 g6 30. Rd5 Qf6 31. Be5 Qg5+ (31...
Qe7 32. Bb2 $14) 32. Kh1 Bxf2 $2 {The defender willingly accepts the last drop
of poison, the ensuing exchange of pieces will let him with misserable
survival chances.} (32... Qh6 33. Bg3 $14) 33. Bd6 $1 Qxd5 (33... Qf6 34. Rf1
Nc5 35. Qe2 Qe6 36. Qd1 $16) 34. Qxd5 Bxe1 35. Bxf8 Nxf8 (35... Kxf8 36. Qd6+
Kg8 37. Qb8+ $16) 36. Qb7 a5 37. Qxb6 Bb4 38. f4 Kg7 39. Qd4+ Kg8 40. f5 $1
gxf5 (40... Be1 41. f6 $18) 41. Qf6 Ne6 42. Qxf5 {Krasenkow can always try to
bring his king into the battle.} Kg7 43. Kg2 Bc5 (43... Bc3 44. h4 $18) 44.
Qe5+ Kg8 45. Qg3+ Kf8 46. Qc3 $1 Bb4 47. Qh8+ 1-0